000 00212nam a2200097Ia 4500
008 190216s9999||||xx |||||||||||||| ||und||
100 _aBhattathirippadu.M.P
245 0 _aRudhumadhi
260 _bNull
942 _cBK
999 _c25426
_d25426